000 00808nam a2200217 i 4500
001 12078
003 ES-MaACL
005 20250730063044.0
007 t|
008 970407s1985 sp |||| | spa d
080 _a821.134.2-23"18"
100 1 _aAcuña, Rosario de,
_d1851-1923
_918341
245 1 3 _aEl padre Juan /
_cRosario de Acuña ; introducción y notas biográficas, [José Bolado].
260 _aGijón :
_bAteneo-Casino Obrero de Gijón,
_c1985.
300 _aXXXIX, 89 p. ;
_c18 cm.
534 _pReprod. facsímil de la 2ª ed. corr. y aum.:
_cMadrid : R. Velasco, 1891.
700 1 _aBolado, José.
_929935
710 2 _aAteneo Obrero de Gijón.
_92052
852 4 _aES-MaACL
_jL-19379
_z- Ejemp. numerado (28) y sellado en el Ateneo Obrero de Gijón
999 _c12078
_d12078